01081nam a2200217 a 450000100100000000500170001000800410002702000150006804000250008310000350010824501570014326001320030030000220043249000510045450400320050550400730053771000720061083000580068295201060074099900170084600004200220201002035858.0131030s1992 sp ad 000 0 spa d a8400073177 aDO-SdBNPbspacBNPHU1 aLlano Sánchez, Rafael96894503aLa sociología comprensiva como teoría de la cultura :bun análisis de las categorías fundamentales del pensamiento de Max Weber /cRafael Llano. aCórdoba :bInstituto de Estudios Sociales Avanzados de AndalucíabConsejo Superior de Investigaciones Científicas,c1992. a567p. : ;c24 cm.1 aPoliteya, estudios de economía y sociedadv3 aBibliografía : p. 537-567 aIncluye referencias bibliográficas y notas al pie de las páginas2 aConsejo Superior de Investigaciones Científicas (España)915178 0aPoliteya, estudios de economía y sociedadv3968946 0010507-18MOaGRbGRcOId2013-10-29iLF1l0o p42002-10r2020-06-25w2020-06-25y1ZNo se presta c41491d41491